[Event "DEM U18 2024"]
[Site "Willingen GER"]
[Date "2024.05.19"]
[Round "1"]
[White "Petrovskiy, Vadim"]
[Black "Weidenhöfer, Max"]
[Result "1-0"]
[Termination "normal"]
[Board "2"]
[WhiteTitle "IM"]
[WhiteElo "2424"]
[BlackElo "2108"]
[WhiteClock "00:02:12"]
[BlackClock "00:00:35"]
[PlyCount "79"]
[WhiteFideId "14165210"]
[BlackFideId "16230566"]
[EventCountry "GER"]
[EventRounds "9"]
[EventType "swiss"]
[EventDate "2024.05.18"]

1. e4 {[%clk 01:30:57]} {[%emt 00:00:03]} c6 {[%clk 01:30:55]} {[%emt
00:00:05]} 2. d4 {[%clk 01:31:14]} {[%emt 00:00:13]} d5 {[%clk 01:31:19]}
{[%emt 00:00:06]} 3. Nc3 {[%clk 01:30:56]} {[%emt 00:00:49]} dxe4 {[%clk
01:31:42]} {[%emt 00:00:07]} 4. Nxe4 {[%clk 01:31:23]} {[%emt 00:00:03]} Nf6
{[%clk 01:32:04]} {[%emt 00:00:07]} 5. Nxf6+ {[%clk 01:31:47]} {[%emt
00:00:06]} exf6 {[%clk 01:32:28]} {[%emt 00:00:06]} 6. c3 {[%clk 01:32:14]}
{[%emt 00:00:04]} Bd6 {[%clk 01:32:52]} {[%emt 00:00:06]} 7. Bd3 {[%clk
01:32:39]} {[%emt 00:00:06]} O-O {[%clk 01:33:14]} {[%emt 00:00:06]} 8. Qc2
{[%clk 01:33:07]} {[%emt 00:00:03]} Re8+ {[%clk 01:33:36]} {[%emt 00:00:06]} 9.
Ne2 {[%clk 01:33:34]} {[%emt 00:00:05]} h5 {[%clk 01:34:01]} {[%emt 00:00:05]}
10. O-O {[%clk 01:33:37]} {[%emt 00:00:27]} h4 {[%clk 01:34:26]} {[%emt
00:00:04]} 11. h3 {[%clk 01:34:03]} {[%emt 00:00:04]} Nd7 {[%clk 01:34:51]}
{[%emt 00:00:05]} 12. Bd2 {[%clk 01:34:24]} {[%emt 00:00:10]} Nf8 {[%clk
01:35:14]} {[%emt 00:00:07]} 13. Rae1 {[%clk 01:34:43]} {[%emt 00:00:11]} Bc7
{[%clk 01:35:37]} {[%emt 00:00:07]} 14. Nf4 {[%clk 01:10:19]} {[%emt 00:24:53]}
Be6 {[%clk 01:35:59]} {[%emt 00:00:08]} 15. Nxe6 {[%clk 00:58:15]} {[%emt
00:12:35]} Nxe6 {[%clk 01:36:21]} {[%emt 00:00:07]} 16. Bc4 {[%clk 00:50:02]}
{[%emt 00:08:43]} Qd6 {[%clk 01:19:39]} {[%emt 00:17:11]} 17. f4 {[%clk
00:50:20]} {[%emt 00:00:13]} Rad8 {[%clk 01:20:02]} {[%emt 00:00:08]} 18. a4
{[%clk 00:32:10]} {[%emt 00:18:40]} a6 {[%clk 01:06:31]} {[%emt 00:14:01]} 19.
Be3 {[%clk 00:23:28]} {[%emt 00:09:11]} b5 {[%clk 00:33:32]} {[%emt 00:33:29]}
20. Ba2 {[%clk 00:23:33]} {[%emt 00:00:25]} Re7 {[%clk 00:20:53]} {[%emt
00:13:09]} 21. Bb1 {[%clk 00:14:37]} {[%emt 00:09:27]} Nf8 {[%clk 00:16:48]}
{[%emt 00:04:33]} 22. Qf2 {[%clk 00:12:24]} {[%emt 00:02:43]} Rde8 {[%clk
00:15:51]} {[%emt 00:01:28]} 23. axb5 {[%clk 00:12:30]} {[%emt 00:00:24]} axb5
{[%clk 00:16:03]} {[%emt 00:00:18]} 24. Bd2 {[%clk 00:12:14]} {[%emt 00:00:46]}
g5 {[%clk 00:10:48]} {[%emt 00:05:45]} 25. Rxe7 {[%clk 00:10:31]} {[%emt
00:02:14]} Rxe7 {[%clk 00:11:17]} 26. Qf3 {[%clk 00:10:03]} {[%emt 00:00:58]}
Ng6 {[%clk 00:09:41]} {[%emt 00:02:05]} 27. Qg4 {[%clk 00:05:24]} {[%emt
00:05:09]} Kg7 {[%clk 00:02:28]} {[%emt 00:07:43]} 28. fxg5 {[%clk 00:04:36]}
{[%emt 00:01:18]} Qh2+ {[%clk 00:02:29]} {[%emt 00:00:30]} 29. Kf2 {[%clk
00:05:05]} {[%emt 00:00:01]} f5 {[%clk 00:02:11]} {[%emt 00:00:49]} 30. Bxf5
{[%clk 00:05:18]} {[%emt 00:00:16]} Bf4 {[%clk 00:01:09]} {[%emt 00:01:32]} 31.
Bxf4 {[%clk 00:01:56]} {[%emt 00:03:52]} Nxf4 {[%clk 00:01:33]} {[%emt
00:00:06]} 32. Kf3 {[%clk 00:02:18]} {[%emt 00:00:08]} Nd5 {[%clk 00:00:40]}
{[%emt 00:01:23]} 33. Be4 {[%clk 00:02:34]} {[%emt 00:00:14]} Qd6 {[%clk
00:00:31]} {[%emt 00:00:39]} 34. Qxh4 {[%clk 00:02:30]} {[%emt 00:00:34]} f5
{[%clk 00:00:33]} {[%emt 00:00:28]} 35. Qh6+ {[%clk 00:01:53]} {[%emt
00:01:07]} Qxh6 {[%clk 00:00:57]} {[%emt 00:00:07]} 36. gxh6+ {[%clk 00:02:21]}
{[%emt 00:00:01]} Kxh6 {[%clk 00:01:16]} {[%emt 00:00:11]} 37. Bxd5 {[%clk
00:02:42]} {[%emt 00:00:09]} cxd5 {[%clk 00:01:45]} 38. Rf2 {[%clk 00:02:24]}
{[%emt 00:00:47]} Kg5 {[%clk 00:00:33]} {[%emt 00:01:43]} 39. Re2 {[%clk
00:02:45]} {[%emt 00:00:09]} Re4 {[%clk 00:00:35]} {[%emt 00:00:28]} 40. Rxe4
{[%clk 00:02:12]} {[%emt 00:01:03]} 1-0

[Event "DEM U18 2024"]
[Site "Willingen GER"]
[Date "2024.05.19"]
[Round "1"]
[White "Haack, Kevin"]
[Black "Vortmeier, Jan"]
[Result "1-0"]
[Termination "normal"]
[Board "4"]
[WhiteTitle "FM"]
[WhiteElo "2286"]
[BlackElo "2082"]
[WhiteClock "00:15:22"]
[BlackClock "00:00:46"]
[PlyCount "69"]
[WhiteFideId "16228715"]
[BlackFideId "16261321"]
[EventCountry "GER"]
[EventRounds "9"]
[EventType "swiss"]
[EventDate "2024.05.18"]

1. d4 {[%clk 01:30:57]} {[%emt 00:00:02]} Nf6 {[%clk 01:30:53]} {[%emt
00:00:07]} 2. c4 {[%clk 01:31:21]} {[%emt 00:00:06]} g6 {[%clk 01:31:16]}
{[%emt 00:00:07]} 3. g3 {[%clk 01:31:35]} {[%emt 00:00:16]} Bg7 {[%clk
01:31:36]} {[%emt 00:00:09]} 4. Bg2 {[%clk 01:32:04]} {[%emt 00:00:02]} O-O
{[%clk 01:31:56]} {[%emt 00:00:10]} 5. Nc3 {[%clk 01:32:30]} {[%emt 00:00:04]}
d6 {[%clk 01:32:19]} {[%emt 00:00:07]} 6. Nf3 {[%clk 01:32:50]} {[%emt
00:00:10]} c5 {[%clk 01:32:40]} {[%emt 00:00:09]} 7. d5 {[%clk 01:33:18]}
{[%emt 00:00:02]} e6 {[%clk 01:32:58]} {[%emt 00:00:12]} 8. O-O {[%clk
01:33:33]} {[%emt 00:00:15]} Re8 {[%clk 01:33:20]} {[%emt 00:00:08]} 9. Bf4
{[%clk 01:33:51]} {[%emt 00:00:11]} exd5 {[%clk 01:18:56]} {[%emt 00:14:55]}
10. cxd5 {[%clk 01:34:19]} {[%emt 00:00:03]} a6 {[%clk 01:17:44]} {[%emt
00:01:42]} 11. a4 {[%clk 01:34:43]} {[%emt 00:00:05]} h6 {[%clk 01:10:20]}
{[%emt 00:07:54]} 12. Qc1 {[%clk 01:35:08]} {[%emt 00:00:05]} Kh7 {[%clk
00:58:24]} {[%emt 00:12:26]} 13. Re1 {[%clk 01:26:10]} {[%emt 00:09:28]} Bf5
{[%clk 00:47:44]} {[%emt 00:11:09]} 14. Nh4 {[%clk 01:20:35]} {[%emt 00:06:05]}
Be4 {[%clk 00:46:42]} {[%emt 00:01:33]} 15. Nxe4 {[%clk 01:16:22]} {[%emt
00:04:42]} Nxe4 {[%clk 00:47:04]} {[%emt 00:00:08]} 16. Qc2 {[%clk 01:10:42]}
{[%emt 00:06:10]} Nf6 {[%clk 00:42:05]} {[%emt 00:05:30]} 17. h3 {[%clk
01:03:19]} {[%emt 00:07:53]} Nh5 {[%clk 00:34:22]} {[%emt 00:08:13]} 18. Bd2
{[%clk 01:00:19]} {[%emt 00:03:30]} Nd7 {[%clk 00:33:29]} {[%emt 00:01:23]} 19.
a5 {[%clk 00:47:31]} {[%emt 00:13:18]} Rc8 {[%clk 00:26:17]} {[%emt 00:07:42]}
20. Ra4 {[%clk 00:44:36]} {[%emt 00:03:25]} Ne5 {[%clk 00:13:11]} {[%emt
00:13:36]} 21. f4 {[%clk 00:36:09]} {[%emt 00:08:57]} Nd7 {[%clk 00:08:41]}
{[%emt 00:04:59]} 22. f5 {[%clk 00:29:13]} {[%emt 00:07:26]} Ne5 {[%clk
00:07:35]} {[%emt 00:01:36]} 23. fxg6+ {[%clk 00:27:19]} {[%emt 00:02:25]} fxg6
{[%clk 00:07:57]} {[%emt 00:00:08]} 24. Be4 {[%clk 00:27:27]} {[%emt 00:00:21]}
Nxg3 {[%clk 00:05:53]} {[%emt 00:02:34]} 25. Bxg6+ {[%clk 00:27:30]} {[%emt
00:00:27]} Kh8 {[%clk 00:05:26]} {[%emt 00:00:57]} 26. Kg2 {[%clk 00:26:58]}
{[%emt 00:01:02]} c4 {[%clk 00:01:26]} {[%emt 00:04:30]} 27. Kxg3 {[%clk
00:18:42]} {[%emt 00:08:47]} Bf6 {[%clk 00:01:50]} {[%emt 00:00:06]} 28. Nf3
{[%clk 00:17:34]} {[%emt 00:01:38]} Nxg6 {[%clk 00:02:10]} {[%emt 00:00:10]}
29. Rxc4 {[%clk 00:16:36]} {[%emt 00:01:27]} Rxc4 {[%clk 00:01:01]} {[%emt
00:01:40]} 30. Qxc4 {[%clk 00:17:04]} {[%emt 00:00:02]} Rg8 {[%clk 00:00:51]}
{[%emt 00:00:39]} 31. Kh2 {[%clk 00:15:25]} {[%emt 00:02:10]} Ne5 {[%clk
00:00:50]} {[%emt 00:00:31]} 32. Qf4 {[%clk 00:15:36]} {[%emt 00:00:18]} Nxf3+
{[%clk 00:00:32]} {[%emt 00:00:48]} 33. exf3 {[%clk 00:15:52]} {[%emt
00:00:15]} Bg5 {[%clk 00:00:42]} {[%emt 00:00:19]} 34. Bc3+ {[%clk 00:15:50]}
{[%emt 00:00:33]} Rg7 {[%clk 00:00:46]} {[%emt 00:00:26]} 35. Qf7 {[%clk
00:15:22]} {[%emt 00:00:58]} 1-0

[Event "DEM U18 2024"]
[Site "Willingen GER"]
[Date "2024.05.19"]
[Round "1"]
[White "Demchenko, Yaroslav"]
[Black "Eilenberg, Jonas"]
[Result "0-1"]
[Termination "normal"]
[Board "5"]
[BlackTitle "FM"]
[WhiteElo "1996"]
[BlackElo "2296"]
[WhiteClock "00:06:04"]
[BlackClock "00:44:43"]
[PlyCount "104"]
[WhiteFideId "14186667"]
[BlackFideId "16204271"]
[EventCountry "GER"]
[EventRounds "9"]
[EventType "swiss"]
[EventDate "2024.05.18"]

1. e4 {[%clk 01:30:57]} {[%emt 00:00:03]} e5 {[%clk 01:30:46]} {[%emt
00:00:14]} 2. Nf3 {[%clk 01:31:10]} {[%emt 00:00:17]} Nc6 {[%clk 01:31:10]}
{[%emt 00:00:06]} 3. Bc4 {[%clk 01:31:23]} {[%emt 00:00:17]} Nf6 {[%clk
01:31:32]} {[%emt 00:00:09]} 4. d4 {[%clk 01:31:16]} {[%emt 00:00:37]} exd4
{[%clk 01:31:55]} {[%emt 00:00:07]} 5. e5 {[%clk 01:31:36]} {[%emt 00:00:09]}
d5 {[%clk 01:32:18]} {[%emt 00:00:07]} 6. Bb5 {[%clk 01:31:48]} {[%emt
00:00:19]} Nd7 {[%clk 01:32:23]} {[%emt 00:00:25]} 7. O-O {[%clk 01:31:16]}
{[%emt 00:01:01]} Be7 {[%clk 01:32:47]} {[%emt 00:00:06]} 8. Bxc6 {[%clk
01:29:29]} {[%emt 00:02:18]} bxc6 {[%clk 01:33:11]} {[%emt 00:00:05]} 9. e6
{[%clk 01:29:46]} {[%emt 00:00:13]} fxe6 {[%clk 01:33:24]} {[%emt 00:00:17]}
10. Nxd4 {[%clk 01:29:52]} {[%emt 00:00:25]} Bd6 {[%clk 01:33:47]} {[%emt
00:00:07]} 11. Nxe6 {[%clk 00:56:00]} {[%emt 00:34:22]} Qh4 {[%clk 01:15:59]}
{[%emt 00:18:17]} 12. Nxg7+ {[%clk 00:46:57]} {[%emt 00:09:33]} Kf7 {[%clk
01:16:04]} {[%emt 00:00:25]} 13. Qh5+ {[%clk 00:43:54]} {[%emt 00:03:33]} Qxh5
{[%clk 01:16:28]} {[%emt 00:00:07]} 14. Nxh5 {[%clk 00:44:20]} {[%emt
00:00:04]} Ba6 {[%clk 01:11:46]} {[%emt 00:05:11]} 15. Re1 {[%clk 00:44:03]}
{[%emt 00:00:48]} Rhe8 {[%clk 01:10:42]} {[%emt 00:01:33]} 16. Rxe8 {[%clk
00:44:00]} {[%emt 00:00:33]} Rxe8 {[%clk 01:11:06]} {[%emt 00:00:06]} 17. Bd2
{[%clk 00:44:12]} {[%emt 00:00:18]} Re2 {[%clk 01:09:26]} {[%emt 00:02:10]} 18.
Ng3 {[%clk 00:41:16]} {[%emt 00:03:27]} Bxg3 {[%clk 01:09:28]} {[%emt
00:00:28]} 19. hxg3 {[%clk 00:41:30]} {[%emt 00:00:15]} Ne5 {[%clk 01:06:03]}
{[%emt 00:03:55]} 20. a4 {[%clk 00:29:43]} {[%emt 00:12:18]} c5 {[%clk
01:00:15]} {[%emt 00:06:18]} 21. b3 {[%clk 00:21:45]} {[%emt 00:08:28]} d4
{[%clk 00:56:51]} {[%emt 00:03:53]} 22. f3 {[%clk 00:18:40]} {[%emt 00:03:35]}
c4 {[%clk 00:52:35]} {[%emt 00:04:46]} 23. b4 {[%clk 00:09:31]} {[%emt
00:09:39]} c3 {[%clk 00:52:49]} {[%emt 00:00:16]} 24. Bxc3 {[%clk 00:07:18]}
{[%emt 00:02:44]} dxc3 {[%clk 00:53:14]} {[%emt 00:00:05]} 25. Nxc3 {[%clk
00:07:45]} {[%emt 00:00:03]} Rxc2 {[%clk 00:53:38]} {[%emt 00:00:05]} 26. Ne4
{[%clk 00:05:06]} {[%emt 00:03:09]} Nd3 {[%clk 00:51:25]} {[%emt 00:02:43]} 27.
b5 {[%clk 00:02:55]} {[%emt 00:02:42]} Bb7 {[%clk 00:51:26]} {[%emt 00:00:28]}
28. Ng5+ {[%clk 00:03:16]} {[%emt 00:00:08]} Kg6 {[%clk 00:49:59]} {[%emt
00:01:57]} 29. Ne6 {[%clk 00:03:15]} {[%emt 00:00:32]} Bd5 {[%clk 00:48:10]}
{[%emt 00:02:18]} 30. Nf8+ {[%clk 00:01:37]} {[%emt 00:02:09]} Kg7 {[%clk
00:47:06]} {[%emt 00:01:34]} 31. Nd7 {[%clk 00:02:04]} {[%emt 00:00:03]} Nc5
{[%clk 00:45:37]} {[%emt 00:01:59]} 32. Re1 {[%clk 00:01:02]} {[%emt 00:01:33]}
Nxd7 {[%clk 00:37:29]} {[%emt 00:08:37]} 33. Re7+ {[%clk 00:01:27]} {[%emt
00:00:05]} Kg6 {[%clk 00:36:21]} {[%emt 00:01:37]} 34. Rxd7 {[%clk 00:01:53]}
{[%emt 00:00:05]} Bb3 {[%clk 00:36:43]} {[%emt 00:00:08]} 35. a5 {[%clk
00:00:52]} {[%emt 00:01:31]} Ba4 {[%clk 00:36:29]} {[%emt 00:00:44]} 36. Rd5
{[%clk 00:01:18]} {[%emt 00:00:04]} Rb2 {[%clk 00:36:03]} {[%emt 00:00:55]} 37.
Rc5 {[%clk 00:01:40]} {[%emt 00:00:09]} Rxb5 {[%clk 00:35:44]} {[%emt
00:00:49]} 38. Rc6+ {[%clk 00:02:05]} {[%emt 00:00:05]} Kg5 {[%clk 00:35:09]}
{[%emt 00:01:04]} 39. Rxc7 {[%clk 00:01:48]} {[%emt 00:00:48]} Rxa5 {[%clk
00:35:34]} {[%emt 00:00:05]} 40. Rxh7 {[%emt 00:00:37]} Bb3 {[%clk 00:30:51]}
{[%emt 00:05:09]} 41. g4 {[%clk 00:00:57]} {[%emt 00:01:18]} Ra1+ {[%clk
00:30:27]} {[%emt 00:00:54]} 42. Kf2 {[%clk 00:30:22]} {[%emt 00:01:05]} Kg6
{[%clk 00:58:17]} {[%emt 00:02:39]} 43. Rb7 {[%clk 00:30:01]} {[%emt 00:00:52]}
Bd5 {[%clk 00:55:50]} {[%emt 00:02:57]} 44. Rb5 {[%clk 00:27:26]} {[%emt
00:03:05]} Bf7 {[%clk 00:54:36]} {[%emt 00:01:44]} 45. f4 {[%clk 00:25:19]}
{[%emt 00:02:37]} a5 {[%clk 00:54:03]} {[%emt 00:01:02]} 46. Rb7 {[%clk
00:25:24]} {[%emt 00:00:26]} Bd5 {[%clk 00:47:49]} {[%emt 00:06:43]} 47. Rb6+
{[%clk 00:10:32]} {[%emt 00:15:23]} Kf7 {[%clk 00:48:04]} {[%emt 00:00:15]} 48.
Rd6 {[%clk 00:10:57]} {[%emt 00:00:05]} Bb3 {[%clk 00:45:08]} {[%emt 00:03:25]}
49. f5 {[%clk 00:05:57]} {[%emt 00:05:31]} a4 {[%clk 00:45:14]} {[%emt
00:00:24]} 50. g5 {[%clk 00:05:42]} {[%emt 00:00:45]} a3 {[%clk 00:44:40]}
{[%emt 00:01:04]} 51. Rd7+ {[%clk 00:06:02]} {[%emt 00:00:11]} Ke8 {[%clk
00:45:02]} {[%emt 00:00:07]} 52. Rb7 {[%clk 00:06:04]} {[%emt 00:00:27]} a2
{[%clk 00:44:43]} {[%emt 00:00:50]} 0-1

[Event "DEM U18 2024"]
[Site "Willingen GER"]
[Date "2024.05.19"]
[Round "1"]
[White "Heinrich, John"]
[Black "Prieb, Robert"]
[Result "1/2-1/2"]
[Termination "normal"]
[Board "6"]
[BlackTitle "CM"]
[WhiteElo "2277"]
[BlackElo "2105"]
[WhiteClock "00:10:26"]
[BlackClock "00:18:25"]
[PlyCount "93"]
[WhiteFideId "16259491"]
[BlackFideId "16212002"]
[EventCountry "GER"]
[EventRounds "9"]
[EventType "swiss"]
[EventDate "2024.05.18"]

1. Nf3 {[%clk 01:30:52]} {[%emt 00:00:06]} d5 {[%clk 01:30:35]} {[%emt
00:00:26]} 2. e3 {[%clk 01:31:04]} {[%emt 00:00:19]} Nf6 {[%clk 01:29:46]}
{[%emt 00:01:17]} 3. c4 {[%clk 01:31:24]} {[%emt 00:00:10]} e6 {[%clk
01:29:13]} {[%emt 00:01:04]} 4. Nc3 {[%clk 01:31:42]} {[%emt 00:00:12]} c5
{[%clk 01:28:48]} {[%emt 00:00:54]} 5. cxd5 {[%clk 01:31:55]} {[%emt 00:00:18]}
exd5 {[%clk 01:28:59]} {[%emt 00:00:19]} 6. b3 {[%clk 01:31:58]} {[%emt
00:00:27]} Nc6 {[%clk 01:27:10]} {[%emt 00:02:18]} 7. Bb2 {[%clk 01:31:36]}
{[%emt 00:00:54]} Bd6 {[%clk 01:24:45]} {[%emt 00:02:54]} 8. d4 {[%clk
01:31:14]} {[%emt 00:00:52]} O-O {[%clk 01:21:21]} {[%emt 00:03:53]} 9. Be2
{[%clk 01:31:09]} {[%emt 00:00:35]} a6 {[%clk 01:16:29]} {[%emt 00:05:22]} 10.
O-O {[%clk 01:30:16]} {[%emt 00:01:23]} cxd4 {[%clk 01:13:33]} {[%emt
00:03:27]} 11. Nxd4 {[%clk 01:30:25]} {[%emt 00:00:22]} Be6 {[%clk 01:12:47]}
{[%emt 00:01:14]} 12. Rc1 {[%clk 01:25:21]} {[%emt 00:05:34]} Rc8 {[%clk
01:10:00]} {[%emt 00:03:17]} 13. Nxc6 {[%clk 01:21:07]} {[%emt 00:04:45]} Rxc6
{[%clk 01:10:09]} {[%emt 00:00:21]} 14. Bf3 {[%clk 01:18:27]} {[%emt 00:03:10]}
Be5 {[%clk 01:03:49]} {[%emt 00:06:50]} 15. Na4 {[%clk 01:04:48]} {[%emt
00:14:09]} Bxb2 {[%clk 01:03:02]} {[%emt 00:01:17]} 16. Rxc6 {[%clk 01:02:29]}
{[%emt 00:02:49]} bxc6 {[%clk 01:03:24]} {[%emt 00:00:08]} 17. Nxb2 {[%clk
01:02:55]} {[%emt 00:00:03]} Qa5 {[%clk 00:57:38]} {[%emt 00:06:16]} 18. Na4
{[%clk 01:00:22]} {[%emt 00:03:03]} c5 {[%clk 00:48:49]} {[%emt 00:09:20]} 19.
Qe1 {[%clk 00:55:27]} {[%emt 00:05:25]} Qb5 {[%clk 00:30:14]} {[%emt 00:19:05]}
20. Be2 {[%clk 00:48:04]} {[%emt 00:07:53]} c4 {[%clk 00:23:44]} {[%emt
00:07:00]} 21. Qc3 {[%clk 00:44:25]} {[%emt 00:04:09]} Rc8 {[%clk 00:20:27]}
{[%emt 00:03:47]} 22. Rc1 {[%clk 00:34:40]} {[%emt 00:10:15]} Qe8 {[%clk
00:12:34]} {[%emt 00:08:23]} 23. Qd4 {[%clk 00:26:36]} {[%emt 00:08:34]} cxb3
{[%clk 00:10:33]} {[%emt 00:02:32]} 24. Rxc8 {[%clk 00:26:57]} {[%emt
00:00:08]} Qxc8 {[%clk 00:10:41]} {[%emt 00:00:22]} 25. axb3 {[%clk 00:27:20]}
{[%emt 00:00:06]} Qc1+ {[%clk 00:09:38]} {[%emt 00:01:33]} 26. Qd1 {[%clk
00:22:16]} {[%emt 00:05:35]} Qxd1+ {[%clk 00:09:31]} {[%emt 00:00:37]} 27. Bxd1
{[%clk 00:22:39]} {[%emt 00:00:07]} a5 {[%clk 00:06:12]} {[%emt 00:03:49]} 28.
Kf1 {[%clk 00:15:40]} {[%emt 00:07:29]} Kf8 {[%clk 00:05:56]} {[%emt 00:00:46]}
29. f3 {[%clk 00:12:14]} {[%emt 00:03:56]} Ke7 {[%clk 00:04:51]} {[%emt
00:01:34]} 30. Ke2 {[%clk 00:12:31]} {[%emt 00:00:14]} Kd6 {[%clk 00:05:02]}
{[%emt 00:00:18]} 31. Kd3 {[%clk 00:12:43]} {[%emt 00:00:17]} Nd7 {[%clk
00:04:08]} {[%emt 00:01:26]} 32. Kc3 {[%clk 00:11:02]} {[%emt 00:02:11]} Nc5
{[%clk 00:03:37]} {[%emt 00:01:01]} 33. Nb2 {[%clk 00:08:39]} {[%emt 00:02:52]}
h5 {[%clk 00:03:12]} {[%emt 00:00:55]} 34. h4 {[%emt 00:02:10]} g6 {[%clk
00:02:27]} {[%emt 00:00:08]} 35. Bc2 {[%clk 00:06:49]} {[%emt 00:01:47]} Bd7
{[%clk 00:02:18]} {[%emt 00:00:40]} 36. Bd3 {[%clk 00:05:11]} {[%emt 00:02:07]}
Ke5 {[%clk 00:01:49]} {[%emt 00:00:59]} 37. Be2 {[%clk 00:03:59]} {[%emt
00:01:42]} Kd6 {[%clk 00:01:22]} {[%emt 00:00:58]} 38. Bf1 {[%clk 00:03:10]}
{[%emt 00:01:18]} Be6 {[%clk 00:01:22]} {[%emt 00:00:30]} 39. Bb5 {[%clk
00:02:37]} {[%emt 00:01:03]} Bd7 {[%clk 00:01:22]} {[%emt 00:00:30]} 40. Bf1
{[%clk 00:01:53]} {[%emt 00:01:14]} Bc8 {[%clk 00:00:56]} {[%emt 00:00:56]} 41.
Be2 {[%clk 00:22:52]} {[%emt 00:09:32]} Bd7 {[%clk 00:25:08]} {[%emt 00:06:17]}
42. g4 {[%clk 00:17:20]} {[%emt 00:06:02]} hxg4 {[%clk 00:22:01]} {[%emt
00:03:38]} 43. fxg4 {[%clk 00:17:45]} {[%emt 00:00:05]} Ne4+ {[%clk 00:22:17]}
{[%emt 00:00:14]} 44. Kd4 {[%clk 00:17:56]} {[%emt 00:00:18]} Nc5 {[%clk
00:19:38]} {[%emt 00:03:10]} 45. Bd1 {[%clk 00:14:55]} {[%emt 00:03:31]} f5
{[%clk 00:18:25]} {[%emt 00:01:42]} 46. gxf5 {[%clk 00:10:26]} 1/2-1/2